000 00676nam a2200241Ia 4500
003 OSt
005 20221005050136.0
006 a|||||r|||| 00| 0
007 ta
008 221004b |||||||| |||| 00| 0 ben d
024 _a22729
037 _bGift, 09/10/2015,
_cTextual
040 _aCRL
_cCRL
_bben
041 _2ben
_aben
082 _aO157,1M99:g, N7
100 _aGupta Kshetra
245 0 _aNajruler kabita
_b Asamjamer silpa
260 _aKolkatta
_bDey's Pub. India
_c1997
300 _a105p.
_ccm.
650 _aBENGALI LITERATURE
942 _hO157,1M99:g, N7
_cTEXL
_2cc
999 _c956416
_d956416